| 000 | 00434nam a22001817a 4500 | ||
|---|---|---|---|
| 003 | CEME | ||
| 005 | 20210628205319.0 | ||
| 008 | 210311b xxu||||| |||| 00| 0 eng d | ||
| 020 | _a0-442-80321-4 | ||
| 040 | _c. | ||
| 082 | _a004.03 ENC'R | ||
| 100 |
_aMeck, C.L,Ralston, A _974897 |
||
| 245 | _aEncyclopedia of computer science | ||
| 250 | _a1ST | ||
| 260 |
_aNEWYORK _bVNIR _c1978 |
||
| 300 | _aXXVII,1523P | ||
| 942 |
_cBK _2ddc |
||
| 999 |
_c580399 _d580399 |
||